000 00628nam a2200181Ia 4500
008 090124s9999 xx 000 0 und d
082 _b27864
100 _aदाभोऴकर डॉ. दत्तप्रसाद
245 _a प्रकाशवाटा
250 _a0
260 _bराजहंस प्रकाशन
_c1989
300 _a161
600 _aदाभोऴकर डॉ. दत्तप्रसाद
630 _a प्रकाशवाटा
700 _aदाभोऴकर डॉ. दत्तप्रसाद
730 _a प्रकाशवाटा
942 _cBOOK
999 _c95143
_d95143